Nehrus: Motilal and Jawaharlal / (Record no. 5679)
[ view plain ]
| 000 -LEADER | |
|---|---|
| fixed length control field | 00467cam a2200193ua 4500 |
| 041 ## - LANGUAGE CODE | |
| Language code of text/sound track or separate title | eng |
| 082 ## - DEWEY DECIMAL CLASSIFICATION NUMBER | |
| Classification number | 923.2 |
| Item number | NAN/NE |
| 100 ## - MAIN ENTRY--AUTHOR NAME | |
| Personal name | Nanda, B R . |
| 245 ## - TITLE STATEMENT | |
| Title | Nehrus: Motilal and Jawaharlal / |
| 250 ## - EDITION STATEMENT | |
| Edition statement | 1 / |
| 260 ## - PUBLICATION, DISTRIBUTION, ETC. (IMPRINT) | |
| Place of publication | London : |
| Name of publisher | George Allen & Unwin Ltd , |
| Year of publication | 1962. |
| 300 ## - PHYSICAL DESCRIPTION | |
| Number of Pages | 356 ; . |
| 942 ## - ADDED ENTRY ELEMENTS (KOHA) | |
| Koha item type | Books |
| Withdrawn status | Lost status | Damaged status | Home library | Current library | Date acquired | Full call number | Accession Number | Koha item type | Public note |
|---|---|---|---|---|---|---|---|---|---|
| Withdrawn | KAUAET | KAUAET | 07/04/2012 | 923.2 | 4033 | Books | Deleted | ||
| Withdrawn | KAUAET | Sanskrit University | 07/04/2012 | 923.2 | 4118 | Books |
